| 000 | 00393nam a2200157Ia 4500 | ||
|---|---|---|---|
| 008 | 221030s9999 xx 000 0 und d | ||
| 020 | _a9812239022 | ||
| 041 | _aEnglish | ||
| 082 |
_a105.23 _bLon |
||
| 100 | _aLongman Dictionaries | ||
| 245 | 0 | _aLongman Dictionary of Contemporary | |
| 260 |
_bPearson Education _aNew Delhi _c2000 |
||
| 300 | _a1668 | ||
| 650 | _aDictionary | ||
| 942 | _cBK | ||
| 999 |
_c1162 _d1162 |
||